| 000 | 00629nam a22001457a 4500 | ||
|---|---|---|---|
| 020 | _a978-0-00-744786-2 | ||
| 082 |
_a823 _bMAR/F |
||
| 100 | _aMARTIN, GEORGE R R | ||
| 245 | _aA FEAST FOR CROW | ||
| 260 |
_aIRELAND _bHARPER COLLINS |
||
| 300 | _a852 | ||
| 520 | _aA Feast for Crows focuses on the Lannister family's continuing consolidation of power following victory in the “War of the Five Kings.” Specifically, it follows the events precipitated by the murder of Tywin Lannister, who had been de facto ruler of Westeros. In his place, his daughter Cersei, seizes power. | ||
| 650 |
_aENGLISH NOVEL _zIRELAND |
||
| 942 | _cBK | ||
| 999 |
_c7041 _d7041 |
||